| 000 | 01341nam a2200349 c 4500 | ||
|---|---|---|---|
| 003 | BLK | ||
| 005 | 20250725170615.0 | ||
| 008 | 180411b bul|||||r ||||||| ||bul|| | ||
| 010 | _aKNG00200134000 | ||
| 020 |
_a978-619-164-223-6 _bиздат.: Enthusiast |
||
| 040 | _aBLK | ||
| 041 |
_aBUL _cBUL |
||
| 072 | 7 |
_2bullib _aН83 _xЧужда художествена литература Н |
|
| 080 |
_aНемска литература _b821.112.2 _x-311.6 _z821.112.2-311.6 |
||
| 100 | 1 |
_aДюбел, Рихард _eпърви автор _966124 |
|
| 700 |
_aКостова, Людмила Маринова _9366797 |
||
| 139 |
_aДюбел, Рихард _bД 97 |
||
| 245 | 1 | 0 |
_aБиблията на Дявола _bИст. роман _cРихард Дюбел; прев. Людмила Маринова Костова. |
| 257 | _aDEU | ||
| 260 |
_аСофия _bEnthusiast _c2016 _fДобрич : Фолиарт |
||
| 300 |
_a663 с. _c24 см |
||
| 380 | _aX | ||
| 500 | _aОриг. загл. Die Teufelsbibel / Richard Dubell. | ||
| 653 | _aисторически романи | ||
| 659 | _aН | ||
| 852 | _aЦб 284253 | ||
| 856 | 4 |
_qpdf _u |
|
| 856 | 4 |
_qpdf _u |
|
| 942 |
_cKNG _n0 _012 |
||
| 944 |
_aCR _c07.02.2017 _lМинев Младен _k30530 |
||
| 944 |
_aED _c06.03.2017 _lф / _kЛюдмила_Стоянова |
||
| 999 |
_c190982 _d190982 |
||